000 04122cam a22013094i 4500
003 PE-LiUPU
005 20250813185608.0
008 150706s2011 pe a rb 000 0 spa d
035 _a(Sirsi) a50246
040 _aPE-LiUPU
_bspa
_cPE-LiUPU
_erda
049 _aPRUA
082 0 4 _a330.985
_bR39
_221
100 1 _aRemezzano, Andrés,
_eautor.
245 1 0 _aInka-nomics :
_bnotas sobre la economía peruana /
_cAndrés Remezzano.
264 1 _aLima :
_bEdiciones Universidad Peruana Unión,
_c2011.
300 _a64 páginas :
_bilustraciones ;
_c21 centímetros
336 _atext
_2rdacontent
337 _aunmediated
_2rdamedia
338 _avolume
_2rdacarrier
504 _aBibliografía: páginas 63-64.
505 0 _aLlegando a tierras peruanas -- La gran foto -- El dilema de los taxis -- ¿Ollanta conoce a Gini? -- Apertura comercial -- Milton Friedman y la educación en el Perú -- ¿Puede el Perú crecer con corrupción?.
526 _aP202
526 _aP201
526 _aP163
526 _aP162
526 _aP161
526 _aP160
526 _aP148
526 _aP147
526 _aP146
526 _aP145
526 _aP144
526 _aP143
526 _aP142
526 _aP141
526 _aP140
526 _aP139
526 _aP138
526 _aP137
526 _aP136
526 _aP135
526 _aP134
526 _aP133
526 _aP129
526 _aP128
526 _aP127
526 _aP120
526 _aP119
526 _aP118
526 _aP116
526 _aP115
526 _aP114
526 _aP110
526 _aP109
526 _aP108
526 _aP104
526 _aP103
526 _aP102
526 _aP99
526 _aP98
526 _aP97
526 _aP96
526 _aP95
526 _aP93
526 _aP90
526 _aP89
526 _aP88
526 _aP83
526 _aP82
526 _aP62
526 _aP59
526 _aP58
526 _aP57
526 _aP51
526 _aP49
526 _aP48
526 _aP47
526 _aP29
526 _aP24
526 _aP20
526 _aP19
526 _aP17
526 _aP15
526 _aP14
526 _aP12
526 _aP10
526 _aP09
526 _aP08
526 _aP07
526 _aP06
526 _aP05
526 _aP04
526 _aP01
650 0 4 _aEconomía
_zPerú.
700 1 _aJaimes Zubieta, Dónald,
_eeditor.
910 _agl
_cjck
_d20111010
910 _adbm
_bncf
_cncf
_d20180816
942 _2ddc
_cBOOK
949 _a330.985 R39
_wDEWEY
_c1
_i63769
_lCCODEBUL1
_mBUL
_p09.00
_r0
_sY
_tLIBRO
_u2015-07-06
_xBIBLIOTECA
_zUNKNOWN
_o.STAFF. Colección General
949 _a330.985 R39
_wDEWEY
_c2
_i63768
_lCCODEBUL1
_mBUL
_p09.00
_r0
_sY
_tLIBRO
_u2015-07-06
_xBIBLIOTECA
_zUNKNOWN
_o.STAFF. Colección General
994 _aC0
_bPEPRU
596 _a1 2
999 _a330.985 R39
_wDEWEY
_c52663
_i63769
_f2021-11-5
_g5
_lCCODEBUL1
_mBUL
_p9.00
_r0
_sY
_tBOOK
_u2015-7-6
_xFCE
_zUNKNOWN
_0COMPRA
_o.STAFF. Colección General
_d52663
999 _a330.985 R39
_wDEWEY
_c2
_i63768
_d2016-8-24
_e2016-8-22
_f2021-11-8
_g5
_lCCODEBUL1
_mBUL
_n1
_p9.00
_r0
_sY
_tBOOK
_u2015-7-6
_xEDUCACION
_zUNKNOWN
_0COMPRA
_o.STAFF. Colección General
999 _a330.985 R39
_wDEWEY
_c3
_i79301
_f2021-11-5
_g4
_lCCODEBUL1
_mBUL
_p9.00
_r0
_sY
_tBOOK
_u2018-8-16
_xFCE
_PP35
_0COMPRA
_o.STAFF. Colección Teología
999 _a330.985 R39
_wDEWEY
_c4
_i79318
_f2021-11-5
_g3
_lCCODEBUL1
_mBUL
_p9.00
_r0
_sY
_tBOOK
_u2018-9-4
_xFCE
_PP35
_0COMPRA
_o.STAFF. Colección Teología
999 _a809.93355 R39 2011
_wDEWEY
_c1
_iFT00620
_f2019-2-20
_g1
_lCCODEBUT1
_mBUT
_p5.00
_r0
_sY
_tBOOK
_u2016-2-10
_xBIBLIOTECA
_zUNKNOWN
_0DONACION
_o.STAFF. Colección General
980 _81
_gALBERTO SANCHEZ Responsable de Automatización